00349nam a2200145Ia 450000100060000000800410000602000180004704000130006508200200007810000260009824500530012426000090017730000100018654600070019613486140402s9999 xx 000 0 und d a0-931961-56-4 cPK-LaUMT a 658.409bBUR-M aBurley-Allen, Madelyn aMemory skills in businesscBurley-Allen, Madelyn c1988 a64 p. aEN